Roadless rules : the struggle for the last wild forests

Na minha lista:
Detalhes bibliográficos
Autor principal:  Turner, Tom
Formato: Sách
Idioma:Undetermined
Publicado em:  Island Press  2009
Assuntos:
Tags: Adicionar Tag
Sem tags, seja o primeiro a adicionar uma tag!
Thư viện lưu trữ: Trung tâm Thư viện - Trường Đại học Công nghiệp TP. Hồ Chí Minh
LEADER 00492nam a2200157Ia 4500
001 UIH_03977
008 231011s9999 xx 000 0 und d
082 |a  333.75 
100 |a  Turner, Tom 
245 0 |a  Roadless rules : the struggle for the last wild forests 
245 0 |c  Turner, Tom 
260 |b  Island Press 
260 |c  2009 
650 |a  Bảo tồn rừng;  
927 |a Sách 
980 |a Trung tâm Thư viện - Trường Đại học Công nghiệp TP. Hồ Chí Minh